| 000 | 00638nam a2200217Ii 4500 | ||
|---|---|---|---|
| 003 | JO-AjNU | ||
| 008 | 230606s9999||||xx |||||||||||||| ||und|| | ||
| 020 | _a0-442-30707-1 | ||
| 040 |
_aJO-AjNU _beng _erda _cJO-AjNU |
||
| 041 | _aeng | ||
| 050 | 1 | 4 | _aHG152.L44 1982 |
| 100 | 3 |
_aLee,T.A, _eauthor _93114 |
|
| 245 | 0 | 0 | _aCompany Financial Reporting |
| 250 | _a2 ed | ||
| 264 | 3 | 1 | _aWokingham: Van Nostrand Reinhold UK, 1982 |
| 300 |
_a319p _bIncludes appendix indexes(p307-319) |
||
| 336 |
_atext _btxt _2rdacontent |
||
| 337 |
_aunmediated _bn _2rdamedia |
||
| 338 |
_avolume _bnc _2rdacarrier |
||
| 650 | 4 |
_aFinancial Reporting _93115 |
|
| 999 |
_aE1632 _c1632 _d1632 |
||